000 00625nam a2200205Ia 4500
001 21607
003 GE_BSU
008 181216s||||||||xx |||||||||||||| ||und||
040 _cGE_BSU
245 _aВода химия и экология 8/2017.
245 _bВсероссийский научно-практический журнал
245 _cГл. ред. Кулов Н.Н.
260 _aМосква
260 _c2017
300 _a95стр,илл,29см
653 _aВода химия и экология 1/2017.
653 _aПериодика
653 _aპერიოდიკა
942 _cCR
999 _c54542
_d54542